| 000 | 01197nam0a22003491 4500 | ||
|---|---|---|---|
| 001 | RU\INGAK2\INFOCOMM_322\NLR\5000132523 | ||
| 005 | 20250625202649.0 | ||
| 010 | _d60 к. | ||
| 035 | _a(NLR Aleph) 011030181 | ||
| 090 |
_a11106094 _c11106094 |
||
| 100 | _a20130109d1933 |||y0rusy50 ca | ||
| 101 | 1 |
_ascr _crus |
|
| 102 | _aRU | ||
| 105 | _ay z|||| | ||
| 200 | 1 |
_aKarl Marks _fV. I. Lenjin |
|
| 210 |
_aMoskva _aLenjingrad _cIzdavačka zadruga inostranih radnika u SSSR, Internac štamparija u Moskovji _d1933 |
||
| 215 |
_a36 с. _cпортр. _d(18х13) см |
||
| 300 | _aЗагл. оригинала: "Карл Маркс" | ||
| 454 | 0 |
_12001#$aКарл Маркс _tКарл Маркс |
|
| 600 | 1 |
_aМаркс _bД. _f1895- _gДжулиус _2nlr_sh1 |
|
| 606 | 0 |
_aМарксизм-ленинизм _9966890 _3RU\NLR\AUTH\66362009 |
|
| 620 | _aМосква | ||
| 686 |
_aИКМ303 _2rubbk |
||
| 700 | 1 |
_9z01790 _aLenin _bV. I. _f1870-1924 _gVladimir Il'ič |
|
| 702 | 1 |
_aMarx _bK. _f1818-1883 _gKarl _4570 |
|
| 790 | 1 |
_9z01700 _aLenjin _bV. I. _4070 |
|
| 801 | 1 |
_aRU _bInfoComm _c20130109 |
|
| 801 | 0 |
_aRU _bNLR _gPSBO |
|
| 852 |
_aNLR _jЛ 126-14/2-1 |
||
| 942 | _cBOOK | ||
| 980 | _aNB | ||